Establishment of taro nuggets in barangay San Isidro Taytay, Rizal (Record no. 12684)

MARC details
000 -LEADER
fixed length control field 02727nam a22002657i 4500
003 - CONTROL NUMBER IDENTIFIER
control field URS
005 - DATE AND TIME OF LATEST TRANSACTION
control field 20220114171058.0
008 - FIXED-LENGTH DATA ELEMENTS--GENERAL INFORMATION
fixed length control field 170302b xxu||||| |||| 00| 0 eng d
041 ## - LANGUAGE CODE
Language code of text/sound track or separate title eng
100 ## - MAIN ENTRY--PERSONAL NAME
Personal name Dela Cruz, Edwin Joseph B.
245 ## - TITLE STATEMENT
Title Establishment of taro nuggets in barangay San Isidro Taytay, Rizal
Statement of responsibility, etc. Edwin Joseph B. Dela Cruz, McLoyvin V. Nolasco, Lilibeth G. Taduran
260 ## - PUBLICATION, DISTRIBUTION, ETC.
Date of publication, distribution, etc. 2016
300 ## - PHYSICAL DESCRIPTION
Extent xi, 96 leaves;
Other physical details illustrations (some color);
Dimensions 28 cm.
336 ## - CONTENT TYPE
Source rdacontent
Content type term text
337 ## - MEDIA TYPE
Source rdamedia
Media type term unmediated
338 ## - CARRIER TYPE
Source rdacarrier
Carrier type term volume
502 ## - DISSERTATION NOTE
Dissertation note Feasibility Study
Degree type BSBA-MM
Name of granting institution University of Rizal System, Binangonan
Year degree granted 2017
504 ## - BIBLIOGRAPHY, ETC. NOTE
Bibliography, etc. note includes bibliographical references
520 ## - SUMMARY, ETC.
Summary, etc. The study entitled "Establishment of Taro Nuggets is a recommended study to provide a healthy product. The research conducted during the Academic Year 2015-2016. The proposed business will be in a form of Sole proprietorship. The study aimed to provide and create a new healthy product made by Taro Crops; it also aims to support the necessity to promote this product to the health conscious customers. The study also gives an opportunity not only to obtain profit, but also teach the costumers how to use a simple crop to create new one. Establishment of Taro Nuggets provides an alternatives food like Taro Nuggets, instead of food made by meat. During the Pre-Operating period of the business, the owner will be preparing a necessary legal documents needed in the legal operation of the business. The business firm will needed 150,000.00 pesos for initial capital. The business will operate 6 days a week about 9 hours per day, 2 hours preparation which starts at 5:00 am to 7:00 am and 1-hour break for the employees. The business will open from 7:00 am to 5:00 pm. The proposed price per unit was based on the Cost of Raw Materials and the production, and also considers the prices of competitors. The proponents will use effective marketing strategies such as free tasting, Survey, and Market Share analysis to encourage the costumers to buy the product and patronize it. The proposed project also indicated financial data to show that the proposed business is feasible and marketable to its potential customers. The proposed project will become an additional factor to the National Government due to the fact that, the business pays the mandatory Contribution issued by the Government, to provide and somehow help sustain the endless expenditures of the National Government.
700 ## - ADDED ENTRY--PERSONAL NAME
Personal name Dela Cruz, Edwin Joseph B.
Relator term author
700 ## - ADDED ENTRY--PERSONAL NAME
Personal name Nolasco, McLoyvin V.
Relator term author
700 ## - ADDED ENTRY--PERSONAL NAME
Personal name Taduran, Lilibeth G.
Relator term author
700 ## - ADDED ENTRY--PERSONAL NAME
Personal name Albert Q. Clemente, MM
Relator term adviser
942 ## - ADDED ENTRY ELEMENTS (KOHA)
Source of classification or shelving scheme Library of Congress Classification
Koha item type Theses and dissertations
Holdings
Withdrawn status Source of classification or shelving scheme Damaged status Not for loan Collection code Home library Current library Shelving location Date acquired Total Checkouts Barcode Date last seen Price effective from Koha item type
  Library of Congress Classification     Non-fiction Binangonan College Library Binangonan College Library Undergraduate Theses 06/07/2023   URSBIN-UGT1378 03/02/2017 03/02/2017 Theses and dissertations

University of Rizal System
Email us at univlibservices@urs.edu.ph

Visit our Website www.urs.edu.ph/library